| 000 | 00472cab a2200169 4500 | ||
|---|---|---|---|
| 001 | L130124 | ||
| 008 | 050624n2005 000 0 eng u | ||
| 035 | _a(Sirsi) u130124 | ||
| 041 | _aeng | ||
| 245 | _aDatapoints | ||
| 260 | _c2005 | ||
| 490 |
_aNational Real Estate Investor _v47(6) June 2005, 2(1) |
||
| 520 | _aA monthly look at US real estate industry trends. Graphs. | ||
| 590 | _aIKA040705 | ||
| 690 | _aPROPERTY-PROPERTY FINANCE AND INVESTMENT | ||
| 942 | _n0 | ||
| 999 |
_c75460 _d75460 |
||